000 00601nam a2200217Ia 4500
003 OSt
005 20220926044842.0
006 a|||||r|||| 00| 0
007 ta
008 220923b |||||||| |||| 00| 0 eng d
037 _cGeneral Book
040 _aRTL
_cRTL
_beng
041 _2eng
_aeng
082 _aX:97, K7
100 _aDickinson A W
_9281473
245 0 _aIndustrial relations in superviosry management
260 _c1967
490 _aStudies in Supervisory Management Ed by John Mumro Fraser
942 _hX:97, K7
_cGB
_2CC
999 _c675970
_d675970